Democracia e igualdad de oportunidades
Contenido: Postulados. El contraste entre la estructura social y la estructura cultura. Posición económica y probabilidades de existencia
Uloženo v:
| Médium: | Kniha |
|---|---|
| Jazyk: | Spanish |
| Témata: | |
| Tagy: |
Přidat tag
Žádné tagy, Buďte první, kdo vytvoří štítek k tomuto záznamu!
|
MARC
| LEADER | 00000nam a22000007a 4500 | ||
|---|---|---|---|
| 003 | cru CIDCACS/IIS | ||
| 005 | 20170419183814.0 | ||
| 008 | 170419b2000 cr ||||| |||| 00| 0 spa d | ||
| 020 | |a 996831112X | ||
| 040 | |c cru CIDCACS/IIS | ||
| 090 | |a 05.01.02 E87e | ||
| 245 | |a Democracia e igualdad de oportunidades | ||
| 300 | |a páginas 93-109 | ||
| 520 | |a Contenido: Postulados. El contraste entre la estructura social y la estructura cultura. Posición económica y probabilidades de existencia | ||
| 650 | 1 | 0 | |9 83 |a DEMOCRACIA |
| 650 | 4 | |9 1988 |a IGUALDAD DE OPORTUNIDADES | |
| 650 | 1 | 0 | |9 920 |a NIVEL DE VIDA |
| 650 | 1 | 0 | |9 2142 |a DESARROLLO ECONOMICO |
| 650 | 1 | 0 | |9 2137 |a ESTRUCTURA SOCIAL |
| 942 | |2 ddc |c LI | ||
| 773 | 0 | |0 14856 |9 519 |a Fonseca Tortós, Eugenio |d San José: EUNED. EUCR |o 17942 |t Eugenio Fonseca Tortós: selección de su obra sociológica / |w (cru CIDCACS/IIS)19474 | |
| 999 | |c 19194 |d 19194 | ||



